000
00270nam a2200109Ia 4500
008
191201s2013 xx 000 0 und d
100
_a
BAJAJ, Sandeep
245
0
_a
Thermodynamics-1
260
_c
2013
_b
Ishan Publications
_a
NEW DELHI
300
_a
376
942
_2
ddc
_c
BK
_0
12
999
_c
8096
_d
8096